000 00510nam a22001817a 4500
005 20251108172420.0
008 250721s9999 xx 000 0 ara d
082 1 4 _a658.85/علي
100 1 _aعليوة، سيد
_eمؤلف
245 1 0 _aالبائع المحترف /
264 1 _aالمنصورة :
_bمكتبة جزيرة الورد،
_c[19-].
300 _a96 ص
650 1 7 _aالتسويق
650 1 7 _aإدارة المبيعات
650 1 7 _aالبيع
942 _2ddc
_cBK
999 _c78744
_d78744